000 00399nam a2200181Ia 4500
001 19267
005 20260306171731.0
008 260306s9999||||xx |||||||||||||| ||und||
041 _aESP
082 _a658.82
_bB94
100 _aBurnett, John J.
_eAUT
245 0 _aPromoción
260 _c1996
300 _a410 páginas :
_c
650 _aGEN
654 _aCAN
942 _cLIB
_dJUS
_fJUS
_2ddc
_n
999 _c19267
_d19267